Più grandi città della Lombardia - Statistics

Statistiche generali
  • Questo quiz è stato fatto 645 volte
  • Il punteggio medio è 8 su 10
Statistiche sulle risposte
Popolazione Città % Corretto
1.345.851 ⭐️ Milano
100%
119.381 ⭐️ Bergamo
97%
196.480 ⭐️ Brescia
95%
84.495 ⭐️ Como
92%
122.671 ⭐️ Monza
91%
80.799 ⭐️ Varese
86%
72.576 ⭐️ Pavia
84%
81.608 Sesto San Giovanni
55%
83.106 Busto Arsizio
51%
75.078 Cinisello Balsamo
40%
Nessun quiz corrispondente trovato
Distribuzione punteggi
Percentuale di utenti per punteggio
Percentile per numero di risposta
I tuoi punteggi nel tempo
Non hai fatto questo quiz